000 00657cam a2200217 4500
001 ABS61186
008 000000n1999 000 0 eng u
035 _a(Sirsi) u101778
100 _aAllen, I.
245 _aMaking waves.
260 _c1999
490 _aArchitects' Journal
_v210(8) 2 September 1999, 28-37(10)
520 _aBuilding study of Beckenham Spa swimming complex. Includes cost analysis and working details.
650 _aSWIMMING POOLS
650 _aLEISURE CENTRES
650 _aBUILT ENVIRONMENT-BUILDING COSTS
650 _aCOST ANALYSIS
650 _aBECKENHAM
690 _aBUILDING AND CONSTRUCTION-PROJECTS
942 _n0
999 _c60891
_d60891